History and technological significance of Hevea rubber production in Guatemala (Record no. 60456)

MARC details
000 -LEADER
fixed length control field 00422nam a2200157Ia 4500
100 ## - MAIN ENTRY--AUTHOR NAME
Personal name Dawson R F
245 #0 - TITLE STATEMENT
Title History and technological significance of Hevea rubber production in Guatemala
260 ## - PUBLICATION, DISTRIBUTION, ETC. (IMPRINT)
Name of publisher Hort Technology
Year of publication 1992
300 ## - PHYSICAL DESCRIPTION
Number of Pages 321-323
500 ## - GENERAL NOTE
General note Source Year: 1993
650 ## - SUBJECT ADDED ENTRY--TOPICAL TERM
Topical Term Hevea rubber
700 ## - ADDED ENTRY--PERSONAL NAME
Personal name Smith F W O
856 ## - ELECTRONIC LOCATION AND ACCESS
Uniform Resource Identifier HOA
942 ## - ADDED ENTRY ELEMENTS (KOHA)
Koha item type Journals
Holdings
Withdrawn status Lost status Damaged status Not for loan Home library Current library Shelving location Date acquired Serial Enumeration / chronology Koha item type
      Journals RRII Library RRII Library Rubber general 17/12/2021 Volume 2, Issue 3 Journals